Stolice państw Ameryki północnej - Statystyki

Ogólne statystyki
  • Ten quiz został rozwiązany 99 razy
  • Średni wynik to 14 z 22
Odpowiedzi na mapie
Odpowiedzi zakodowano w zielono-czerwonej skali na mapie do tego quizu, zgodnie z poniższymi procentami.
 
Statystyki odpowiedzi
Stolice % Poprawnych
Waszyngton
100%
Meksyk
98%
Ottawa
98%
Hawana
86%
Panama
84%
Gwatemala
79%
Kingston
72%
Kingstown
72%
San Salvador
70%
Santo Domingo
63%
Port-au-Prince
58%
San Jose
58%
Tegucigalpa
58%
Managua
53%
Nassau
51%
Saint George's
44%
Belmopan
40%
Bridgetown
40%
Saint John's
35%
Roseau
33%
Basseterre
30%
Castries
30%
Nie znaleziono quizów pasujących do podanych kryteriów
Rozkład punktacji
Procent ludzi z każdym wynikiem
Percentyl według liczby udzielonych odpowiedzi
Twoja historia wyników
Nie rozwiązałeś tego quizu